00731nam a2200241Ia 4500003000900000008004100009040001300050040001300063041000900076041000900085100002400094100001200118245011700130250000900247260001800256260000900274300001200283300000800295300001400303490003300317490000600350600013300356IT-RoPAU120407s9999 xx 000 0 und d aIT-RoPAU cIT-RoPAU aita  blat  aAugustinus Aurelius csanctus aLe lettere... Testo latino dell’ediz. maurina confrontato con il Corpus scriptorum ecclesiasticorum Latinorum. aRoma aCittà Nuova c1971 a1247 p. btav c23,1/2 cm aNuova Biblioteca agostiniana v1 a"Introduzione di Michele Pellegrino. Traduzione di T.Alimonti (1-30) Traduzione di L.Carrozzi (31-123) Note di Luigi Carrozzi. "